000 00615nam a2200217Ia 4500
005 20250508165833.0
008 008 250505s9999 xx 000 0 eng d
020 _a978-81-8457-782-2
037 _aTextual
040 _aFEDL
_beng
_cFEDL
041 _aeng
_2eng
084 _a420.7, SIM
_qFEDL
100 _aSimon Shibu
_9611705
245 0 _aIct- enabled teaching in english classrooms
260 _aNew Delhi, India
_bSarup Book Publishers
_c2017
300 _axxii, 340p.
365 _aINR
_b1400
700 _a Viju M J
_9782137
942 _cTEXL
_h420.7, SIM
999 _c1397739
_d1397739